000 00288nam a2200109Ia 4500
008 171211s9999 xx 000 0 und d
245 _aManual of Dietetic Practice
245 _cJoan Gandy
260 _c2014
650 _xHEALTH
856 _uhttp://down.ebook777.com/017/9780470656228.pdf
999 _c348375
_d348375